00813nam a22002177a 4500003000500000008004100005020001800046040000800064041001300072082001300085100003600098245002300134250002700157260005200184300003200236336002700268337003300295338002900328505021100357650002700568BPGM260618e1997 mx bco|g |||| 001 0 spa d a968-7377-33-X bspa aspahspa042900a028 aSOLIS DE LA TORRE, JESUSeAUTOR aMUNICIPIO DE COLON aPRIMERA EDICION b1997 aMEXICObGOBIERNO DEL ESTADO DE QUERETARO c1997 a476 paginas c21 cm x 14 cm 2rdacontentatextobtxt 2rdamediaasin mediaciónbn 2rdacarrieravolumen bnc aEs una monografía que ofrece un panorama histórico, cultural y social de este municipio queretano, destacando su papel como centro agrícola y ganadero, así como su riqueza patrimonial y comunitaria. 2GEOGRAFÍA E HISTORIA